Les systèmes économiques
Zapisane w:
| 1. autor: | |
|---|---|
| Format: | Książka |
| Język: | Undetermined |
| Wydane: |
Paris
Presses Universitaires de France
1966
|
| Hasła przedmiotowe: | |
| Etykiety: |
Dodaj etykietę
Nie ma etykietki, Dołącz pierwszą etykiete!
|
| Thư viện lưu trữ: | Trung tâm Học liệu Trường Đại học Cần Thơ |
|---|
| LEADER | 00465nam a2200169Ia 4500 | ||
|---|---|---|---|
| 001 | CTU_79531 | ||
| 008 | 210402s9999 xx 000 0 und d | ||
| 082 | |a 330.1 | ||
| 082 | |b L191 | ||
| 100 | |a Lajugie, Joseph | ||
| 245 | 0 | |a Les systèmes économiques | |
| 245 | 0 | |c Joseph Lajugie | |
| 260 | |a Paris | ||
| 260 | |b Presses Universitaires de France | ||
| 260 | |c 1966 | ||
| 650 | |a Comparative economics | ||
| 980 | |a Trung tâm Học liệu Trường Đại học Cần Thơ | ||